Word Ladder: Everyone to the Yukon! Quiz Stats

 Plays Quiz Updated Aug 7, 2019

Score 0/28 Timer 03:00
6 Plays Today
Clue 4-Letter Word % Correct
Tightly closed handFIST
89.4%
Marine creatureFISH
86.8%
Damage a muscle; opposite of pushPULL
84.8%
An apartment in the UKFLAT
84.2%
°[1][14] ____ [28]: Large migration of prospectors to north-western Canada between 1896 & 1899°
Precious yellow metal
°GOLD°
81.9%
Tesla founder MuskELON
80.5%
A partyFEST
77.8%
Achievement that requires skill or abilityFEAT
77.7%
White beach scavenger, characterized by the quote 'Mine? Mine! Mine!!' in the movie 'Finding Nemo'GULL
76.9%
Game played with clubs; Volkswagen carGOLF
75.9%
Penny-in-the-well accompanierWISH
75.4%
Oxidation on metalRUST
75.3%
°[1][14] [22] ____: Large migration of prospectors to north-western Canada between 1896 & 1899°
Waste not a moment
°RUSH°
74.9%
It puts the blue in blue cheeseMOLD
74.9%
Clue 4-Letter Word % Correct
Large bay that is an arm of an ocean or seaGULF
74.3%
Open rimmed pastry (like a custard tart)FLAN
73.8%
Energy, style, and enthusiasmELAN
73.5%
Be obliged toMUST
72.1%
Birds and snakes do it regularlyMOLT
71.9%
Regurgitate one's mealPUKE
71.4%
Intentional loss; plunge, as into waterDIVE
71.3%
Amount between half and allMOST
71.2%
North Carolina universityDUKE
70.9%
Henry, Jimmy and Tommy were these kind of guys in the movie 'Goodfellas'WISE
67.4%
Whimper like a babyPULE
66.6%
Take as a brideWIVE
61.5%
°[1]____ [22] [28]: Large migration of prospectors to north-western Canada between 1896 & 1899°
Flood preventer
°DIKE°
61.4%
°____[14] [22] [28]: Large migration of prospectors to north-western Canada between 1896 & 1899°
Germany's 4th largest city, if you swap the middle letters around
°KLON°
45.2%

Today's Daily Dose

You're not logged in!

Compare scores with friends on all Sporcle quizzes.
OR
Log In

Sporcle TV

Today on Sporcle TV


Watch our educational content, quiz creation guides, and fun videos on Sporcle TV.

Show Comments

Extras

Top Quizzes Today


Score Distribution

Your Account Isn't Verified!

In order to create a playlist on Sporcle, you need to verify the email address you used during registration. Go to your Sporcle Settings to finish the process.

Report this User

Report this user for behavior that violates our Community Guidelines.

Details: